Development Issues in Global Governance : (Record no. 5590)
[ view plain ]
| 000 -LEADER | |
|---|---|
| fixed length control field | 01698cam a2200313 a 4500 |
| 001 - CONTROL NUMBER | |
| control field | 14235245 |
| 003 - CONTROL NUMBER IDENTIFIER | |
| control field | OSt |
| 005 - DATE AND TIME OF LATEST TRANSACTION | |
| control field | 20180420190623.0 |
| 008 - FIXED-LENGTH DATA ELEMENTS--GENERAL INFORMATION | |
| fixed length control field | 060119s2007 enka b 001 0 eng |
| 010 ## - LIBRARY OF CONGRESS CONTROL NUMBER | |
| LC control number | 2006001757 |
| 020 ## - INTERNATIONAL STANDARD BOOK NUMBER | |
| International Standard Book Number | 9780415393157 (hardback : alk. paper) |
| 020 ## - INTERNATIONAL STANDARD BOOK NUMBER | |
| International Standard Book Number | 9780415393393 (pbk. : alk. paper) |
| 020 ## - INTERNATIONAL STANDARD BOOK NUMBER | |
| International Standard Book Number | 0415393159 (hardback : alk. paper) |
| 020 ## - INTERNATIONAL STANDARD BOOK NUMBER | |
| International Standard Book Number | 0415393396 (pbk. : alk. paper) |
| 040 ## - CATALOGING SOURCE | |
| Original cataloging agency | DLC |
| Transcribing agency | DLC |
| Modifying agency | DLC |
| 082 ## - DEWEY DECIMAL CLASSIFICATION NUMBER | |
| Classification number | 338.9 |
| Item number | BUL 2007 |
| 100 1# - MAIN ENTRY--PERSONAL NAME | |
| Personal name | Bull, Benedicte; Desmond McNeill. |
| 9 (RLIN) | 11674 |
| 245 10 - TITLE STATEMENT | |
| Title | Development Issues in Global Governance : |
| Remainder of title | public-private partnerships and market multilateralism |
| 260 ## - PUBLICATION, DISTRIBUTION, ETC. (IMPRINT) | |
| Place of publication, distribution, etc. | London ; |
| Name of publisher, distributor, etc. | Routledge, |
| Date of publication, distribution, etc. | 2007. |
| 300 ## - PHYSICAL DESCRIPTION | |
| Extent | xiv, 215 : |
| Other physical details | ill. ; |
| Dimensions | 23 cm. |
| 504 ## - BIBLIOGRAPHY, ETC. NOTE | |
| Bibliography, etc | Includes bibliographical references (p. [178]-192) and index. |
| 505 0# - FORMATTED CONTENTS NOTE | |
| Formatted contents note | The rise of public-private partnerships in the multilateral system -- Multilateralism and globalization -- Partnerships in context -- Global partnerships for health: health for all, or more "big pharma"? -- Tripartism meets CSR : the ILO's partnership experiments to combat child labor -- Unesco and the software companies : bridging the digital divide, or transforming US dominance? -- Water for all: The World Bank and private water companies -- Market multilateralism : towards a new institutional form? |
| 650 #0 - SUBJECT ADDED ENTRY--TOPICAL TERM | |
| Topical term or geographic name as entry element | Econmic development |
| 9 (RLIN) | 11675 |
| 650 #0 - SUBJECT ADDED ENTRY--TOPICAL TERM | |
| Topical term or geographic name as entry element | International agencies. |
| 9 (RLIN) | 11676 |
| 856 41 - ELECTRONIC LOCATION AND ACCESS | |
| Materials specified | Table of contents only |
| Uniform Resource Identifier | http://www.loc.gov/catdir/toc/ecip066/2006001757.html |
| 856 42 - ELECTRONIC LOCATION AND ACCESS | |
| Materials specified | Publisher description |
| Uniform Resource Identifier | http://www.loc.gov/catdir/enhancements/fy0654/2006001757-d.html |
| 906 ## - LOCAL DATA ELEMENT F, LDF (RLIN) | |
| a | 7 |
| b | cbc |
| c | orignew |
| d | 1 |
| e | ecip |
| f | 20 |
| g | y-gencatlg |
| 942 ## - ADDED ENTRY ELEMENTS (KOHA) | |
| Source of classification or shelving scheme | Dewey Decimal Classification |
| Koha item type | Book Bank |
| Withdrawn status | Lost status | Source of classification or shelving scheme | Damaged status | Not for loan | Home library | Current library | Date acquired | Source of acquisition | Inventory number | Total Checkouts | Full call number | Barcode | Date last seen | Koha item type | Price effective from |
|---|---|---|---|---|---|---|---|---|---|---|---|---|---|---|---|
| Dewey Decimal Classification | MUST Main Library | MUST Main Library | 27/02/2017 | 16/39944 | 338.9 BUL 2007 | 2017-0263 | 27/02/2017 | Book Bank | |||||||
| Dewey Decimal Classification | MUST Main Library | MUST Main Library | 27/02/2017 | 16/39946 | 338.9 BUL 2007 | 2017-0264 | 27/02/2017 | Book Bank | |||||||
| Dewey Decimal Classification | MUST Main Library | MUST Main Library | 27/02/2017 | 16/39947 | 338.9 BUL 2007 | 2017-0265 | 27/02/2017 | Book Bank | |||||||
| Dewey Decimal Classification | MUST Main Library | MUST Main Library | 27/02/2017 | 16/39942 | 338.9 BUL 2007 | 2017-0266 | 27/02/2017 | Book Bank | |||||||
| Dewey Decimal Classification | MUST Main Library | MUST Main Library | 27/02/2017 | 16/39941 | 338.9 BUL 2007 | 2017-0267 | 27/02/2017 | Book Bank | |||||||
| Dewey Decimal Classification | MUST Main Library | MUST Main Library | 27/02/2017 | 16/39945 | 338.9 BUL 2007 | 2017-0268 | 27/02/2017 | Book Bank | |||||||
| Dewey Decimal Classification | MUST Main Library | MUST Main Library | 27/02/2017 | 16/39943 | 338.9 BUL 2007 | 2017-0269 | 27/02/2017 | Book Bank | |||||||
| Dewey Decimal Classification | MUST Main Library | MUST Main Library | 23/07/2024 | 2015/39413 | 338.9 BUL 2007 | 2024-22117 | 23/07/2024 | Open Shelf | 23/07/2024 |
